000 00739nam a2200217Ii 4500
003 JO-AjNU
008 230605s9999||||xx |||||||||||||| ||und||
017 _a2004/6/1427
040 _aJO-AjNU
_bara
_erda
_cJO-AjNU
041 _aara
050 1 4 _aHF5415 .153.U226.2008
100 3 _aعبيدات،محمد ابراهيم,
_eauthor
_933021
245 0 0 _aاساسيات التسعير في التسويق المعاصر: مدخل سلوكي
250 _aط2
264 3 1 _aعمان:دار المسيرة للنشر والتوزيع؛2008
300 _a238ص
336 _atext
_btxt
_2rdacontent
337 _aunmediated
_bn
_2rdamedia
338 _avolume
_bnc
_2rdacarrier
650 4 _aالتسويق-ادارة مبيعات
_933022
999 _aA13396
_c16964
_d16964